Chiesa e Stato nel pensiero di Gregorio IX (secolo XIII).
Saved in:
| Main Author: | |
|---|---|
| Format: | Book |
| Language: | Italian |
| Published: |
Roma,
Pontificia università lateranense,
1969.
|
| Subjects: | |
| Tags: |
Add Tag
No Tags, Be the first to tag this record!
|
| LEADER | 00690nam a2200205K 4500 | ||
|---|---|---|---|
| 001 | 003276128-7 | ||
| 005 | 20020606093309.7 | ||
| 008 | 930730s1969 it 000 0 ita d | ||
| 035 | 0 | |a ocm51210010 | |
| 040 | |a HLS |c HLS | ||
| 100 | 1 | |a Guernelli, Giovanni. | |
| 245 | 1 | 0 | |a Chiesa e Stato nel pensiero di Gregorio IX (secolo XIII). |
| 260 | |a Roma, |b Pontificia università lateranense, |c 1969. | ||
| 300 | |a xi, 133 p. |c 24 cm. | ||
| 500 | |a At head of title: Pontificia Universitas Lateranensis. Theses ad lauream in utroque jure. | ||
| 504 | |a Bibliography: p. 127-133. | ||
| 600 | 0 | 0 | |a Gregory |b IX, |c Pope, |d approximately 1170-1241. |
| 690 | 9 | |a Church and state. |5 wid | |
| 988 | |a 20020608 | ||
| 906 | |0 MH | ||


